00549pab a2200181 454500008004000000100001400040245005500054260000900109300001300118362001100131650001800142650001600160700002400176773003400200909001000234999001700244952010600261180718b2000 xxu||||| |||| 00| 0 eng d aDas, R.K. aChild health and immunisation: a macro perspective c2000 ap.645-55 a26 Feb aChild welfare aVaccination aDasgupta, Purnamita aEconomic and Political Weekly a44071 c44071d44071 00104070aIIPAbIIPAd2018-07-19hVolume no: 35, Issue no: 8-9pAR44477r2018-07-19w2018-07-19yAR